00466 2200169 4500001002100000005001500021008004100036020001800077035001900095041000700114082001200121090001200133100001800145245007000163260004200233300002100275INLIS00000000000891420241224113730241224||||||||| | ||| |||| || |  a979-22-1713-4 0010-1224008914 aid0 a181.043 a181.0430 aIndra Gunawan00aKisah-Kisah Kebijaksanaan Zen: Melalui Cerita Mencapai Pencerahan aJakartabGramedia Pustaka Utamac2006 axlv+178 hlm;20cm